College Quizbowl Stats
College Quizbowl Stats
Circuits
Seasons
Sets
Records
Detailed Stats
About
Loading...
2023 ACF Nationals
Tossups
Bonuses
Players
Teams
Categories (Tossup)
Categories (Bonus)
Katherine Lei
MIT A
Categories
Category
Powers
Gets
Negs
BBs
Points
Earliest Buzz
Avg. Buzz
First Buzzes
Top 3 Buzzes
Science - Chemistry
0
4
0
2
40
113
124.75
0
0
Science - Physics
0
3
0
0
30
73
100.00
0
1
Science - Biology
0
2
0
0
20
25
55.50
0
2
Literature - American Literature
0
1
0
0
10
100
100.00
0
1
Buzzes
Category
Answer
Value
Buzz Position
Science - Biology
phosphatases
10
25
Science - Physics
shear stress
10
73
Science - Biology
body size
10
86
Literature - American Literature
The Dream Songs
10
100
Science - Physics
Bose–Einstein condensates
10
111
Science - Chemistry
cis–trans isomerization
10
113
Science - Physics
symmetry breaking
10
116
Science - Chemistry
glass transition temperature
10
121
Science - Chemistry
silanes
10
132
Science - Chemistry
quantum tunneling
10
133
Previous
1
Next